000 00454cam a22001457a 4500
008 180718b1959 xxu||||| |||| 00| 0 eng d
082 _aAB2 C345
100 _aChadwick, Henry
245 _aThe Circle and the ellipse: rival concepts of authority in the early church
_cby Henry Chadwick
260 _aLondon
_bOUP
_c1959
300 _a17p.
500 _aInaugural lecture at Univ. of Oxford, May 5,1959, 2/6
650 _aChurch
650 _aChristinaity
999 _c362010
_d362010